| 000 | 03630nam a2200409Ka 4500 | ||
|---|---|---|---|
| 001 | bslw06339147 | ||
| 003 | UtOrBLW | ||
| 005 | 20210303085340.0 | ||
| 006 | m d | ||
| 007 | cr un||||||||| | ||
| 008 | 101115s2006 enk o 000 0 eng d | ||
| 020 |
_a9781849504027 (electronic bk.) : _c£58.95 ; €82.95 ; $106.95 |
||
| 040 |
_aUtOrBLW _cUtOrBLW |
||
| 050 | 4 |
_aHF1418.5 _b.R44 2006 |
|
| 072 | 7 |
_aKCL _2bicssc |
|
| 072 | 7 |
_aECO _2bicssc |
|
| 072 | 7 |
_aSOC000000 _2bisacsh |
|
| 072 | 7 |
_aBUS069000 _2bisacsh |
|
| 080 | _a339.9 | ||
| 082 | 0 | 4 |
_a337 _222 |
| 245 | 0 | 0 |
_aRegional economic integration _h[electronic resource] / _cedited by Michele Fratianni. |
| 260 |
_aBingley, U.K. : _bEmerald, _c2006. |
||
| 300 | _a1 online resource (291 p.). | ||
| 490 | 1 |
_aResearch in global strategic management, _x1064-4857 ; _vv. 12 |
|
| 505 | 0 | _aIntroduction and summary of conclusions / Michele Fratianni -- Borders and integration / Michele Fratianni -- Regional trade agreements / Richard Pomfret -- The economics of monetary unions : traditional and new / Herbert Grubel -- The gravity of globalization / Diego Agudelo, Lawrence S. Davidson -- A South American perspective : regional versus global trade patterns / Diego Agudelo, Galia Julieta Benítez, Lawrence S. Davidson -- Intra-regional sales and performance of multinational enterprises / Alan M. Rugman, Nessara Sukpanich -- Free trade agreement among China, Japan, and Korea / Heejoon Kang -- Asian business is regional, not global / Alan M. Rugman, Simon Collinson -- International terrorism, international trade, and borders / Michele Fratianni, Heejoon Kang -- Political violence and foreign direct investment / Quan Li -- Technical appendix on the regional economic integration database / Chang Hoon Oh. | |
| 520 | _aIs the world globalized as so many pundits claim? The facts say otherwise. Consumption, for example, has a strong domestic bias. Distance and borders are two important reasons for this bias and are a powerful deterrent to globalization. Also, multinational corporations the organizations that best symbolize the concept of globalization do not have a global reach, but rather focus their activities within an area surrounding the home market. These facts suggest that regionalization and not globalization is the appropriate characterization of today's economic environment. This volume explores the drivers of cross-border trade and the forces underlying the expansion of the border from the nation to the regional trade area. The findings of this research cast some doubts on the practicality of striving for a more globalized trade system through costly and time-consuming trade rounds populated by a myriad of players with their agendas and conflicts? Would it not be better to let the world fully play out the regional option before implementing a more global strategy? It provides international coverage of global strategic management. It discusses multi-national corporation and whether their growth strategy should be regional v. global. It also addresses regional trade situations (i.e., NAFTA, European Union, and Mercosur). | ||
| 588 | 0 | _aPrint version record | |
| 650 | 7 |
_aSocial Science _xGeneral. _2bisacsh |
|
| 650 | 7 |
_aBusiness & Economics _xEconomics _xGeneral. _2bisacsh |
|
| 650 | 7 |
_aInternational economics. _2bicssc |
|
| 650 | 0 | _aInternational economic intregration. | |
| 700 | 1 | _aFratianni, Michele. | |
| 776 | 1 | _z9780762312962 | |
| 830 | 0 |
_aResearch in global strategic management ; _vv. 12. |
|
| 856 | 4 | 0 | _uhttps://www.emerald.com/insight/publication/doi/10.1016/S1064-4857(2006)12 |
| 913 | _1BMEbacklist | ||
| 999 |
_c31728 _d31728 |
||